Foundation Science; (Record no. 208053)

MARC details
000 -LEADER
fixed length control field 00483nam a22001697a 4500
005 - DATE AND TIME OF LATEST TRANSACTION
control field 20250106113929.0
010 ## - LCCN (DPL NO)
LC control number B-761554
020 ## - INTERNATIONAL STANDARD BOOK NUMBER
International Standard Book Number 9789356069268
Terms of availability 699.00
035 ## - SYSTEM CONTROL NUMBER
System control number B-761554
037 ## - SOURCE OF ACQUISITION
Source of stock number/acquisition Gift
082 ## - DEWEY DECIMAL CLASSIFICATION NUMBER
Classification number 500
245 ## - TITLE STATEMENT
Title Foundation Science;
Remainder of title Content Based on NCERT Curriculum2023 Class 7/
260 ## - PUBLICATION, DISTRIBUTION, ETC. (IMPRINT)
Name of publisher, distributor, etc Pearson publication
300 ## - PHYSICAL DESCRIPTION
Extent Vp.
Dimensions 28cm(Pb)
942 ## - ADDED ENTRY ELEMENTS (KOHA)
Source of classification or shelving scheme Dewey Decimal Classification
Item type English Books
Call number suffix FOU
Classification part 500
Holdings
Withdrawn status Lost status Not for loan Collection code Home library Current library Date acquired Source of acquisition Cost, normal purchase price Full call number Barcode Copy number Cost, replacement price Koha item type Public note
      Non-fiction Central Library Central Library 06/01/2025 Gift/19.12.24 699.00 FOU 500 B-761554 1 699.00 English Books Gift

© Delhi Public Library
Hit Counter
free hit counter